Nagoya Metro Stations with a map - Statistics

General Stats
  • This quiz has been taken 73 times
    67 since last reset
  • The average score is 64 of 100
Answers on the Map
Answers color-coded by a green-red scale on the quiz's map according to % correct below.
 
Answer Stats
Answer % Correct
Nagoya 名古屋
98%
Sakae 栄
93%
Kanayama 金山
89%
Fushimi 伏見
83%
Fujigaoka 藤が丘
80%
Nagoyako 名古屋港
78%
Ozone 大曽根
78%
Kami Iida 上飯田
76%
Marunouchi 丸の内
76%
Chikusa 千種
74%
Heiandori 平安通
74%
Imaike 今池
74%
Kami Otai 上小田井
72%
Nagoyajo (Pefectural Office/City Hall) 名古屋城(県庁/市役所)
72%
Nakamura Koen 中村公園
72%
Taikodori 太閤通
72%
Takabata 高畑
72%
Tsurumai 鶴舞
72%
Yagoto 八事
72%
Hisayaodori 久屋大通
70%
Hoshigaoka 星ヶ丘
70%
Kami Maezu 上前津
70%
Motoyama 本山
70%
Nagoya Dome Mae Yada (Meijo Daigakumae) ナゴヤドーム前矢田(名城大学前)
70%
Osu Kannon 大須観音
70%
Yabacho (Matsuzakayamae) 矢場町(松坂屋前)
70%
Akaike 赤池
67%
Aratamabashi 新瑞橋
67%
Hatta 八田
67%
Higashiyama Koen 東山公園
67%
Issha 一社
67%
Nagoya Daigaku 名古屋大学
67%
Nakamura Nisseki 中村日赤
67%
Shin Sakaemachi 新栄町
67%
Gokiso (Showa Kuyakusho) 御器所(昭和区役所前)
65%
Kamiyashiro 上社
65%
Kokusai Center 国際センター
65%
Meijo Koen 名城公園
65%
Irinaka いりなか
63%
Yagoto Nisseki 八事日赤
63%
Atsuta Jingu Nishi 熱田神宮西
61%
Hirabari 平針
61%
Ikeshita 池下
61%
Kakuozan 覚王山
61%
Nishi Takakura 西高蔵
61%
Shonai Ryokuchi Koen 庄内緑地公園
61%
Tokushige 徳重
61%
Ueda 植田
61%
Mizuho Undojo Higashi 瑞穂運動場東
59%
Takaoka 高岳
59%
Atsuta Jingu Temmacho 熱田神宮伝馬町
57%
Hongo 本郷
57%
Joshin 浄心
57%
Kawana 川名
57%
Kurokawa 黒川
57%
Kurumamichi 車道
57%
Minato Kuyakusho 港区役所
57%
Mizuho Undojo Nishi 瑞穂運動場西
57%
Rokubancho 六番町
57%
Sunadabashi 砂田橋
57%
Chayagasaka 茶屋ヶ坂
54%
Higashi Betsuin (Mei Teremae) 東別院(メ〜テレ前)
54%
Jiyugaoka 自由ヶ丘
54%
Sogo Rihabiri Center 総合リハビリセンター
54%
Fukiage 吹上
52%
Hibino (Chuo Oroshiuri Shijo) 日比野駅(中央卸売市場)
52%
Honjin 本陣
52%
Horita 堀田
52%
Sakura Hommachi 桜本町
52%
Shigahondori 志賀本通
52%
Shonaidori 庄内通
52%
Hara 原
50%
Myoondori 妙音通
50%
Nonami 野並
50%
Tokaidori 東海通
50%
Arahata 荒畑
48%
Kamejima 亀島
48%
Mizuho Kuyakusho 瑞穂区役所
48%
Sakurayama (City University Hospital) 桜山(市立大学病院)
48%
Shiogama Guchi (Meijo Daigakumae) 塩釜口(名城大学前)
48%
Naruko Kita 鳴子北
46%
Sengencho 浅間町
46%
Kamisawa 神沢
43%
Aioiyama 相生山
41%
Tsukiji Guchi 築地口
41%
Iwatsuka 岩塚
39%
Tsurusato 鶴里
37%
No matching quizzes found
Score Distribution
Percent of People with Each Score
Percentile by Number Answered
Your Score History
You have not taken this quiz since the last reset